Fast Typing 1-100 With No Even Numbers - Statistics

General Stats
  • This quiz has been taken 49 times
  • The average score is 17 of 30
Answer Stats
Answer % Correct
1
100%
11
97%
13
97%
15
97%
17
97%
19
97%
3
97%
5
97%
7
97%
9
97%
33
56%
31
53%
35
53%
37
53%
39
53%
51
44%
53
41%
57
41%
55
38%
59
38%
71
34%
73
31%
75
31%
77
28%
79
28%
91
22%
93
22%
95
19%
97
19%
99
19%
No matching quizzes found
Score Distribution
Percent of People with Each Score
Percentile by Number Answered
Your Score History
You have not taken this quiz